00458nam a2200109Ia 4500008004100000050002600041100002800067245012500095260008600220300002800306521001400334140724s9999 xx 000 0 und d aHF 5415.2b.G182 2012 aGalvez, Maria Johara G. 2aA marketing research and analysis for Let's Chow :ba fast casual emerging Chinese Restaurant /cMaria Johara G. Galvez. aLas Piñas, Philippines :bSouthville International School and Colleges,cc2012. a54 p. :bill. ;c28 cm. aMarketing